000 00917nam a22002417a 4500
005 20240530110351.0
008 141222s2005 ua obd f e 000 0 ara d
017 _a2005/10709
_bمصر . دار الكتب المصرية
020 _a9772773996
040 _aEG-CaGPL
041 0 _aara
082 0 4 _221
_a912
_bط/م أ
100 0 _aمحمد عبدالعزيز
245 1 0 _aاطلس العالم للاطفال و الناشئين :
_bخرائط - صور فوتوجرافية - اعلام - حقائق و احصائيات /
_cمحمد عبدالعزيز
260 _aالقاهرة :
_bدار الطلائع للنشر و التوزيع و التصدير ،
_c2005
300 _a144 ص :
_bايض ؛
_c32 سم
650 0 4 _aالاطالس
650 0 4 _aرسم الخرائط
650 0 4 _aالجغرافيا
650 0 4 _aالصور
942 _2ddc
_cBK
999 _c60066
_d60066